Porovnanie ReactJS a Angular frameworkov bakalárska práca

Guardado en:
Detalles Bibliográficos
Autor principal: Baxant, Matúš
Autor Corporativo: Fakulta hospodárskej informatiky EU. Katedra aplikovanej informatiky
Otros Autores: Kršjak, Miroslav
Formato: Libro
Lenguaje:eslovaco
Publicado: Bratislava 2019
Etiquetas: Agregar Etiqueta
Sin Etiquetas, Sea el primero en etiquetar este registro!

MARC

LEADER 00000nbm a2200000 4500
001 0264601
005 20210510093919.4
041 0 |a slo 
044 |a SK 
245 1 0 |a Porovnanie ReactJS a Angular frameworkov  |b bakalárska práca  |c Matúš Baxant ; školiteľ: Miroslav Kršjak 
264 1 |a Bratislava  |c 2019 
300 |a 53 s. 
100 1 |a Baxant, Matúš 
700 1 |a Kršjak, Miroslav 
710 2 |a Fakulta hospodárskej informatiky EU. Katedra aplikovanej informatiky